[Event "European Blitz-ch 2018"]
[Site "Skopje"]
[Date "2018.12.07"]
[Round "13"]
[White "Guseinov, Gadir"]
[Black "Dvirnyy, Danyyil"]
[Result "1-0"]
[WhiteElo "2664"]
[BlackElo "2485"]
[Annotator "TA"]
[PlyCount "81"]
[EventDate "2018.12.06"]
[EventType "swiss"]
[EventCountry "MKD"]

1. e4 d6 2. d4 Nf6 3. Nc3 g6 4. Nf3 Bg7 5. Be2 O-O 6. O-O Nc6 7. Re1 Bg4 8. d5 Nb8 9. Bf4 c6 10. Qd2 Bxf3 11. Bxf3 Nbd7 12. a4 Rc8 13. a5 a6 14. dxc6 bxc6 15. Be2 Ra8 16. Ra3 Ne8 17. Bh6 Nc7 18. Bxg7 Kxg7 19. Nd1 Nc5 20. Rh3 Rh8 21. Bc4 h5 22. b4 Nd7 23. Bb3 Rb8 24. Qc3+ Nf6 25. Rd3 e5 26. Qxc6 Nb5 27. c3 Qe7 28. Qxa6 Rhc8 29. Ba4 Nc7 30. Qxd6 Qxd6 31. Rxd6 Ne6 32. Rc6 Nf4 33. Nb2 Rd8 34. Nc4 Rd3 35. Nxe5 Rd2 36. Rxf6 Kxf6 37. Nd7+ Rxd7 38. Bxd7 Rd8 39. Bc6 Ne2+ 40. Kf1 Nxc3 41. a6 1-0

[Event "European Blitz-ch 2018"]
[Site "Skopje"]
[Date "2018.12.07"]
[Round "13"]
[White "Anton Guijarro, David"]
[Black "Zavgorodniy, Sergiy"]
[Result "1-0"]
[WhiteElo "2642"]
[BlackElo "2420"]
[Annotator "TA"]
[PlyCount "91"]
[EventDate "2018.12.06"]
[EventType "swiss"]
[EventCountry "MKD"]

1. Nf3 Nf6 2. b3 d6 3. d4 Bg4 4. Bb2 Bxf3 5. exf3 d5 6. g3 e6 7. f4 Be7 8. Bg2 Nbd7 9. Nd2 O-O 10. O-O Re8 11. c4 c6 12. Nf3 a5 13. a4 Qb6 14. Qc2 Rec8 15. Ne5 Nxe5 16. dxe5 Nd7 17. f5 Nc5 18. Ba3 Bf8 19. Rab1 dxc4 20. bxc4 Qc7 21. Bxc5 Bxc5 22. fxe6 fxe6 23. Bh3 Re8 24. Qe4 Rad8 25. Rbd1 Qf7 26. Qe2 Rf8 27. Kg2 Rxd1 28. Qxd1 h5 29. Qe2 Rd8 30. f4 g6 31. Rd1 Bd4 32. Qe4 c5 33. Kf1 Kg7 34. Bg2 Qd7 35. Qxb7 Qxb7 36. Bxb7 Rb8 37. Rb1 g5 38. Ke2 h4 39. fxg5 hxg3 40. hxg3 Bxe5 41. Rb5 Bxg3 42. Be4 Rxb5 43. cxb5 Bf4 44. g6 Kf6 45. b6 Bb8 46. Kd3 1-0

[Event "European Blitz-ch 2018"]
[Site "Skopje"]
[Date "2018.12.07"]
[Round "13"]
[White "Salgado Lopez, Ivan"]
[Black "Navara, David"]
[Result "1/2-1/2"]
[WhiteElo "2629"]
[BlackElo "2736"]
[Annotator "TA"]
[PlyCount "116"]
[EventDate "2018.12.06"]
[EventType "swiss"]
[EventCountry "MKD"]

1. e4 c5 2. Nc3 a6 3. g3 b5 4. Bg2 Bb7 5. Nge2 b4 6. Nd5 e6 7. Ne3 Nf6 8. d3 d5 9. exd5 exd5 10. O-O g6 11. d4 c4 12. Nxc4 Bg7 13. Ne5 O-O 14. a3 bxa3 15. Rxa3 Nc6 16. Nf4 Ne4 17. Rb3 Na5 18. Ra3 Re8 19. Re1 Rb8 20. Nfd3 f6 21. Nf3 Nc4 22. Rb3 Bc6 23. Rxb8 Qxb8 24. c3 a5 25. Qc2 g5 26. b3 Ncd6 27. Nc5 g4 28. Nd2 Ng5 29. Qd1 h5 30. Nf1 Nge4 31. Nxe4 Nxe4 32. Bf4 Nxc3 33. Bxb8 Nxd1 34. Bxd5+ Kh7 35. Rxe8 Bxe8 36. Be4+ Kg8 37. Bc7 Nc3 38. Bd3 a4 39. bxa4 Bxa4 40. Ne3 Bh6 41. Kf1 Bxe3 42. fxe3 Bb5 43. Bxb5 Nxb5 44. Bf4 Nc3 45. Ke1 Kf7 46. Kd2 Ne4+ 47. Kd3 f5 48. d5 Ke7 49. Be5 Ng5 50. Ke2 Nf3 51. Bf4 Nxh2 52. Kd3 Nf3 53. Kc4 h4 54. gxh4 Nxh4 55. Kd3 Ng6 56. Bg3 Nf8 57. e4 fxe4+ 58. Kxe4 Nd7 1/2-1/2

[Event "European Blitz-ch 2018"]
[Site "Skopje"]
[Date "2018.12.07"]
[Round "13"]
[White "Van Foreest, Jorden"]
[Black "Mamedov, Rauf"]
[Result "0-1"]
[WhiteElo "2614"]
[BlackElo "2703"]
[Annotator "TA"]
[PlyCount "105"]
[EventDate "2018.12.06"]
[EventType "swiss"]
[EventCountry "MKD"]

1. e4 c5 2. Nf3 Nc6 3. Bb5 g6 4. Bxc6 dxc6 5. d3 Bg7 6. h3 Nf6 7. Nc3 O-O 8. Be3 b6 9. O-O e5 10. Qd2 Re8 11. a4 a5 12. Ne2 c4 13. dxc4 Nxe4 14. Qxd8 Rxd8 15. Bxb6 Re8 16. b3 c5 17. Rad1 Bf5 18. g4 Be6 19. Nd2 Ng5 20. Kh2 f5 21. Bxc5 fxg4 22. h4 Nf7 23. Ne4 Bf5 24. N2g3 Rec8 25. Be3 Bf8 26. Rd5 Be6 27. Rd3 h6 28. Rfd1 Be7 29. h5 gxh5 30. Nxh5 Bf5 31. Nhg3 Be6 32. Kg2 Kg7 33. c5 Kg6 34. Nd6 Bxd6 35. cxd6 Bd7 36. c4 h5 37. Ne2 h4 38. Nc3 Bc6+ 39. Nd5 Nxd6 40. Kg1 Nf5 41. Nb6 h3 42. Nxc8 Rxc8 43. Rd8 Rc7 44. Rg8+ Kf6 45. Kh2 Bf3 46. Rdd8 Nxe3 47. fxe3 Kf5 48. Kg3 Ke4 49. Rg5 Rh7 50. Rd5 Kxe3 51. Rgxe5+ Be4 52. Rd1 h2 53. Re1+ 0-1

[Event "European Blitz-ch 2018"]
[Site "Skopje"]
[Date "2018.12.07"]
[Round "13"]
[White "Bosiocic, Marin"]
[Black "Fridman, Daniel"]
[Result "0-1"]
[WhiteElo "2599"]
[BlackElo "2633"]
[Annotator "TA"]
[PlyCount "90"]
[EventDate "2018.12.06"]
[EventType "swiss"]
[EventCountry "MKD"]

1. e4 e5 2. Nf3 Nf6 3. Nxe5 d6 4. Nf3 Nxe4 5. d4 d5 6. Bd3 Bf5 7. O-O Be7 8. Nc3 O-O 9. Re1 Nxc3 10. bxc3 Bxd3 11. Qxd3 Nd7 12. Rb1 Nb6 13. Bf4 Rc8 14. Re2 c5 15. Rbe1 Bf6 16. Be5 cxd4 17. cxd4 Nc4 18. Qf5 Bxe5 19. dxe5 Rc6 20. Nd4 Rh6 21. g3 Ra6 22. Qg4 Rg6 23. Qf5 Qc8 24. Qf3 Qd7 25. Kg2 Re8 26. h4 h6 27. Qh5 Qg4 28. Qxg4 Rxg4 29. f4 Rg6 30. Kf3 Ra6 31. f5 Rxa2 32. Kg4 Ra4 33. c3 Ra3 34. e6 f6 35. Rc2 a6 36. Kh5 b5 37. g4 Kh7 38. g5 hxg5 39. hxg5 Ne5 40. Rg1 b4 41. gxf6 gxf6 42. Rh2 Rxc3 43. Kh4 Rd3 44. Rg4 b3 45. Rf4 Rh8 0-1

[Event "European Blitz-ch 2018"]
[Site "Skopje"]
[Date "2018.12.07"]
[Round "13"]
[White "Georgiev, Kiril"]
[Black "Zlatanovic, Boroljub"]
[Result "1-0"]
[WhiteElo "2595"]
[BlackElo "2376"]
[Annotator "TA"]
[PlyCount "65"]
[EventDate "2018.12.06"]
[EventType "swiss"]
[EventCountry "MKD"]

1. d4 g6 2. Nf3 Bg7 3. e4 d6 4. c3 Nf6 5. Bd3 O-O 6. O-O Nbd7 7. Na3 e5 8. Re1 Qe7 9. Bg5 h6 10. Bh4 Nb6 11. Nc2 Bd7 12. h3 Rfe8 13. b3 Qf8 14. a4 a5 15. Bg3 Nh5 16. Bh2 Rad8 17. Rc1 Nf4 18. Bf1 Be6 19. Ne3 Bd7 20. Qc2 Bc6 21. Nc4 Nxc4 22. Bxc4 Kh7 23. Bxf4 exf4 24. Bd5 Bxd5 25. exd5 f5 26. Re6 Rxe6 27. dxe6 d5 28. Re1 Qd6 29. c4 dxc4 30. Qxc4 c6 31. e7 Re8 32. Qf7 Qd7 33. Re6 1-0

[Event "European Blitz-ch 2018"]
[Site "Skopje"]
[Date "2018.12.07"]
[Round "13"]
[White "Esipenko, Andrey"]
[Black "Perunovic, Milos"]
[Result "1-0"]
[WhiteElo "2593"]
[BlackElo "2597"]
[PlyCount "39"]
[EventDate "2018.12.06"]
[EventType "swiss"]
[EventCountry "MKD"]

1. d4 Nf6 2. Nf3 e6 3. Bf4 b6 4. e3 Bb7 5. Be2 c5 6. O-O Be7 7. c4 O-O 8. Nc3 cxd4 9. Nxd4 a6 10. Bf3 Qc8 11. Rc1 Nc6 12. Na4 Nxd4 13. exd4 Bxf3 14. Qxf3 Bd8 15. c5 Nd5 16. cxb6 Qb7 17. Nc5 Qxb6 18. Nxd7 Qxd4 19. Be5 Qb6 20. Qd1 1-0

[Event "European Blitz-ch 2018"]
[Site "Skopje"]
[Date "2018.12.07"]
[Round "13"]
[White "Stocek, Jiri"]
[Black "Lagarde, Maxime"]
[Result "0-1"]
[WhiteElo "2576"]
[BlackElo "2616"]
[Annotator "TA"]
[PlyCount "116"]
[EventDate "2018.12.06"]
[EventType "swiss"]
[EventCountry "MKD"]

1. e4 c5 2. Nf3 Nc6 3. Bc4 e6 4. O-O Nf6 5. d3 a6 6. Re1 b5 7. Bb3 d6 8. c3 Be7 9. d4 c4 10. Bc2 e5 11. d5 Na5 12. b4 cxb3 13. axb3 O-O 14. h3 h6 15. Be3 Bd7 16. Nbd2 Qc7 17. b4 Nc4 18. Nxc4 Qxc4 19. Bd2 Rfc8 20. Qb1 Qc7 21. Bd3 Qb7 22. Ra3 Be8 23. Qa2 Nd7 24. Ra1 Nb6 25. Rxa6 Na4 26. Rxa8 Rxa8 27. Qc2 Rc8 28. Qb3 Nb6 29. Be3 Na4 30. Rc1 Bd8 31. c4 bxc4 32. Rxc4 Rb8 33. Bd2 Nc5 34. Rxc5 dxc5 35. Nxe5 Bf6 36. Ng4 cxb4 37. Nxf6+ gxf6 38. Bxh6 Qc7 39. Bd2 Bb5 40. Bb1 Qc4 41. Qg3+ Kh7 42. e5+ Kh8 43. Qf3 Qf1+ 44. Kh2 Qxb1 45. Qxf6+ Kg8 46. e6 Qg6 47. exf7+ Qxf7 48. Qe5 Re8 49. Qg3+ Qg7 50. Bg5 b3 51. d6 Bd7 52. Qxb3+ Be6 53. Qe3 Bf7 54. Qg3 Be6 55. Qe3 Bd7 56. Qg3 Qg6 57. h4 Kh7 58. Qb3 Qxd6+ 0-1

[Event "European Blitz-ch 2018"]
[Site "Skopje"]
[Date "2018.12.07"]
[Round "13"]
[White "Brkic, Ante"]
[Black "Kevlishvili, Robby"]
[Result "1-0"]
[WhiteElo "2563"]
[BlackElo "2451"]
[Annotator "TA"]
[PlyCount "44"]
[EventDate "2018.12.06"]
[EventType "swiss"]
[EventCountry "MKD"]

1. e4 c5 2. Nf3 d6 3. d4 cxd4 4. Nxd4 Nf6 5. Nc3 a6 6. a3 Nc6 7. Be2 g6 8. Be3 Bg7 9. Qd2 O-O 10. O-O-O Bd7 11. h4 h5 12. f3 b5 13. Nd5 Nxd5 14. exd5 Ne5 15. g4 hxg4 16. fxg4 Nxg4 17. h5 Nxe3 18. Qxe3 g5 19. Rhg1 Kh8 20. Qxg5 Rg8 21. Qf4 Qf8 22. Kb1 Be5 1-0

[Event "European Blitz-ch 2018"]
[Site "Skopje"]
[Date "2018.12.07"]
[Round "13"]
[White "Jankovic, Alojzije"]
[Black "Putka, Verners"]
[Result "0-1"]
[WhiteElo "2557"]
[BlackElo "2307"]
[Annotator "TA"]
[PlyCount "78"]
[EventDate "2018.12.06"]
[EventType "swiss"]
[EventCountry "MKD"]

1. d4 Nf6 2. Nf3 e6 3. c4 c5 4. d5 exd5 5. cxd5 d6 6. Nc3 g6 7. Bf4 Bg7 8. Nd2 Nh5 9. Be3 O-O 10. Nc4 f5 11. Bd2 a6 12. a4 b6 13. e3 Bb7 14. Be2 Nf6 15. Bf3 Qc7 16. Qb3 Nbd7 17. O-O Rab8 18. e4 fxe4 19. Nxe4 Nxe4 20. Bxe4 Nf6 21. Bf3 b5 22. axb5 axb5 23. Ne3 b4 24. Nc4 Nd7 25. Ra7 Ne5 26. Nxe5 Bxe5 27. Bg4 Qb6 28. Be6+ Kh8 29. Raa1 Ba6 30. Rfe1 c4 31. Qe3 Bd4 32. Rxa6 Bxe3 33. Bxe3 Qd8 34. Bd4+ Rf6 35. Rxd6 Qf8 36. Bd7 Qxd6 37. Re6 Qxd7 38. Bxf6+ Kg8 39. Re7 Qxd5 0-1

[Event "European Blitz-ch 2018"]
[Site "Skopje"]
[Date "2018.12.07"]
[Round "13"]
[White "Kadric, Denis"]
[Black "Asik, Josip"]
[Result "1-0"]
[WhiteElo "2554"]
[BlackElo "2313"]
[Annotator "TA"]
[PlyCount "68"]
[EventDate "2018.12.06"]
[EventType "swiss"]
[EventCountry "MKD"]

1. e4 e6 2. d4 d5 3. Nd2 Ne7 4. c3 g6 5. e5 b6 6. h4 h6 7. Bd3 Qd7 8. h5 g5 9. f4 gxf4 10. Ndf3 Ba6 11. Bc2 c5 12. Bxf4 Nbc6 13. Qd2 cxd4 14. cxd4 Na5 15. b3 Nec6 16. a3 O-O-O 17. Ne2 Kb8 18. Kf2 Rc8 19. Rhb1 Rg8 20. Bd3 Bxd3 21. Qxd3 Ne7 22. Ng3 Kb7 23. Nd2 Nec6 24. Ne2 Be7 25. Rc1 Bg5 26. b4 Nc4 27. Nxc4 dxc4 28. Rxc4 Bxf4 29. Nxf4 Rg4 30. Qf3 Rxf4 31. Qxf4 b5 32. Rc5 Qxd4+ 33. Qxd4 Nxd4 34. Rxc8 Nc6 1-0

[Event "European Blitz-ch 2018"]
[Site "Skopje"]
[Date "2018.12.07"]
[Round "13"]
[White "Delchev, Aleksander"]
[Black "Tilicheev, Viacheslav"]
[Result "1-0"]
[WhiteElo "2552"]
[BlackElo "2507"]
[PlyCount "105"]
[EventDate "2018.12.06"]
[EventType "swiss"]
[EventCountry "MKD"]

1. Nf3 Nf6 2. c4 e6 3. Nc3 c5 4. g3 Nc6 5. Bg2 Qb6 6. O-O Be7 7. b3 O-O 8. Bb2 d5 9. cxd5 exd5 10. d4 c4 11. e3 Rd8 12. Na4 Qc7 13. Nc3 a6 14. bxc4 dxc4 15. a4 Rb8 16. Ne2 b5 17. axb5 axb5 18. Nd2 Nb4 19. Ba3 c3 20. Nb3 Be6 21. Bxb4 Bxb4 22. Qc2 Qc4 23. Rab1 Bd5 24. e4 Bxe4 25. Bxe4 Nxe4 26. Qxe4 Re8 27. Qf4 Qxe2 28. d5 Qd3 29. Qxb4 Re4 30. Qd6 Ree8 31. Nc5 Qc4 32. Na6 Rbc8 33. Qb6 c2 34. Rbc1 Qxd5 35. Nc7 Qc4 36. Nxe8 Rxe8 37. Qd6 b4 38. Rfe1 Rf8 39. Qe5 b3 40. Qb2 Rd8 41. h4 h6 42. Re3 Rd1+ 43. Re1 Qe2 44. Rcxd1 Qxd1 45. Kf1 Qd3+ 46. Kg1 Qd1 47. Kf1 Qd3+ 48. Kg2 Qd1 49. Qc3 Qd5+ 50. Kh2 Qb7 51. Re8+ Kh7 52. Qd3+ g6 53. Qc3 1-0

[Event "European Blitz-ch 2018"]
[Site "Skopje"]
[Date "2018.12.07"]
[Round "13"]
[White "Dimitrov, Radoslav"]
[Black "Sebenik, Matej"]
[Result "1-0"]
[WhiteElo "2534"]
[BlackElo "2536"]
[Annotator "TA"]
[PlyCount "77"]
[EventDate "2018.12.06"]
[EventType "swiss"]
[EventCountry "MKD"]

1. c4 e6 2. Nf3 d5 3. d4 Nf6 4. Nc3 Be7 5. Bg5 h6 6. Bxf6 Bxf6 7. e3 O-O 8. Qc2 Na6 9. Qd2 dxc4 10. Bxc4 c5 11. Ne4 cxd4 12. Nxf6+ Qxf6 13. Qxd4 Qxd4 14. Nxd4 Nc5 15. b4 Ne4 16. Bd3 Nf6 17. Ke2 Bd7 18. Rhc1 Rfc8 19. e4 e5 20. Nf3 Bg4 21. Ke3 Bxf3 22. gxf3 Kf8 23. Bc4 Ke7 24. Bb3 g5 25. a4 b6 26. b5 Nd7 27. Bd5 Rab8 28. Bc6 Nc5 29. a5 Nb3 30. axb6 axb6 31. Ra7+ Kf6 32. Rd1 Nc5 33. Rd6+ Kg7 34. Bd5 Rf8 35. Rc6 h5 36. Rcc7 Kg6 37. Bxf7+ Kh6 38. Bd5 Rf6 39. Rh7+ 1-0

[Event "European Blitz-ch 2018"]
[Site "Skopje"]
[Date "2018.12.07"]
[Round "13"]
[White "Popov, Valerij"]
[Black "Erdos, Viktor"]
[Result "1/2-1/2"]
[WhiteElo "2532"]
[BlackElo "2605"]
[Annotator "TA"]
[PlyCount "85"]
[EventDate "2018.12.06"]
[EventType "swiss"]
[EventCountry "MKD"]

1. c4 e5 2. g3 Nf6 3. Bg2 h6 4. d3 Bb4+ 5. Nd2 O-O 6. a3 Bxd2+ 7. Bxd2 Re8 8. Nf3 e4 9. dxe4 Nxe4 10. O-O Qf6 11. Qc2 d6 12. Rad1 Bf5 13. Qb3 Nc5 14. Qc3 Qxc3 15. Bxc3 Na4 16. Nd4 Be4 17. Rc1 Bxg2 18. Kxg2 Nc6 19. Nxc6 bxc6 20. e3 Reb8 21. b4 Nxc3 22. Rxc3 a5 23. Rb1 axb4 24. axb4 Ra2 25. Kf3 Rd2 26. b5 c5 27. Ra1 Rb7 28. Ra8+ Kh7 29. g4 Kg6 30. h4 Kf6 31. Kg3 g6 32. Rh8 Ra7 33. e4 Kg7 34. Rc8 Rd4 35. Kf3 Rb7 36. Ke3 Rd1 37. f3 Rh1 38. Ra3 Rxh4 39. Kf4 h5 40. Kg5 Rh1 41. Raa8 f6+ 42. Kf4 hxg4 43. Rg8+ 1/2-1/2

[Event "European Blitz-ch 2018"]
[Site "Skopje"]
[Date "2018.12.07"]
[Round "13"]
[White "Lobanov, Sergei"]
[Black "Banikas, Hristos"]
[Result "1/2-1/2"]
[WhiteElo "2526"]
[BlackElo "2601"]
[Annotator "TA"]
[PlyCount "109"]
[EventDate "2018.12.06"]
[EventType "swiss"]
[EventCountry "MKD"]

1. e4 c5 2. Nf3 d6 3. d4 cxd4 4. Nxd4 Nf6 5. Nc3 a6 6. f3 Qb6 7. Nb3 e6 8. Qe2 Qc7 9. Be3 b5 10. O-O-O Nbd7 11. Qf2 b4 12. Ne2 Bb7 13. Kb1 Rc8 14. Ned4 d5 15. exd5 Nxd5 16. Bd3 g6 17. h4 Ne5 18. Be4 Bg7 19. h5 Nxe3 20. Qxe3 Nc4 21. Qe2 e5 22. Bxb7 Qxb7 23. h6 Bf6 24. f4 O-O 25. fxe5 Bxe5 26. Rhe1 Bh8 27. Qg4 Rfe8 28. Rxe8+ Rxe8 29. Qf4 Be5 30. Qg4 Qc8 31. Qxc8 Rxc8 32. c3 bxc3 33. bxc3 f6 34. Re1 Kf7 35. Kc2 Na3+ 36. Kb2 Nc4+ 37. Kc2 Nd6 38. Kd3 Rc7 39. g4 Nb5 40. Rc1 Nxd4 41. Nxd4 Bf4 42. Rh1 Rb7 43. Ke4 Be5 44. c4 Rb4 45. Kd5 Rb7 46. Nc6 Rd7+ 47. Kc5 Bd6+ 48. Kb6 Bf4 49. Kxa6 Rd6 50. Kb5 Rd2 51. a4 Rb2+ 52. Ka6 Rc2 53. Kb5 Rb2+ 54. Ka6 Rc2 55. Kb5 1/2-1/2

[Event "European Blitz-ch 2018"]
[Site "Skopje"]
[Date "2018.12.07"]
[Round "13"]
[White "Nenezic, Marko"]
[Black "Arsovic, Zoran"]
[Result "1-0"]
[WhiteElo "2515"]
[BlackElo "2422"]
[Annotator "TA"]
[PlyCount "111"]
[EventDate "2018.12.06"]
[EventType "swiss"]
[EventCountry "MKD"]

1. Nf3 c5 2. g3 b6 3. Bg2 Bb7 4. O-O e6 5. c4 Nf6 6. Nc3 d6 7. b3 a6 8. Bb2 Be7 9. e3 O-O 10. d4 cxd4 11. Nxd4 Qc7 12. f4 Nc6 13. Nxc6 Bxc6 14. Qe2 Rac8 15. Rac1 Bxg2 16. Qxg2 Qb8 17. Qe2 Rfd8 18. Rfd1 Qb7 19. Qg2 Qb8 20. g4 b5 21. g5 Ne8 22. cxb5 axb5 23. Ne2 Rxc1 24. Rxc1 Rc8 25. Nd4 Rxc1+ 26. Bxc1 Qc7 27. Qc6 Kf8 28. Qxc7 Nxc7 29. Bd2 e5 30. Nc6 Ke8 31. Kf2 Kd7 32. Nxe7 Kxe7 33. Kf3 Kd7 34. Ke4 f6 35. gxf6 gxf6 36. Kf5 Ke7 37. a4 bxa4 38. bxa4 Na6 39. a5 Nc5 40. Bb4 Na6 41. Ba3 Nc7 42. Ke4 Ke6 43. f5+ Kd7 44. Kd3 Kc6 45. e4 Nb5 46. Bb4 Nc7 47. Kc4 d5+ 48. exd5+ Nxd5 49. Bd2 Nc7 50. Be3 Na6 51. Bb6 Nb8 52. Bd8 Nd7 53. h4 h5 54. a6 e4 55. Kd4 Kd6 56. a7 1-0

[Event "European Blitz-ch 2018"]
[Site "Skopje"]
[Date "2018.12.07"]
[Round "13"]
[White "Van Foreest, Lucas"]
[Black "Robulj, Nenad"]
[Result "1-0"]
[WhiteElo "2500"]
[BlackElo "2286"]
[Annotator "TA"]
[PlyCount "37"]
[EventDate "2018.12.06"]
[EventType "swiss"]
[EventCountry "MKD"]

1. e4 e6 2. d4 d5 3. exd5 exd5 4. Nf3 Bd6 5. c4 dxc4 6. Bxc4 Nf6 7. O-O O-O 8. Bg5 h6 9. Bh4 Bg4 10. h3 Bh5 11. g4 Bg6 12. Ne5 Bxb1 13. Rxb1 Be7 14. Ng6 Re8 15. Qb3 Nc6 16. Bxf7+ Kh7 17. Qd3 Qxd4 18. Nf8+ Kh8 19. Qh7+ 1-0

[Event "European Blitz-ch 2018"]
[Site "Skopje"]
[Date "2018.12.07"]
[Round "13"]
[White "Ivic, Velimir"]
[Black "Saraci, Nderim"]
[Result "1-0"]
[WhiteElo "2497"]
[BlackElo "2382"]
[Annotator "TA"]
[PlyCount "28"]
[EventDate "2018.12.06"]
[EventType "swiss"]
[EventCountry "MKD"]

1. e4 e5 2. Nf3 Nc6 3. Bb5 Nf6 4. d3 Bc5 5. c3 O-O 6. O-O d5 7. Nbd2 dxe4 8. dxe4 a5 9. Bxc6 bxc6 10. Nxe5 Re8 11. Nb3 Qxd1 12. Rxd1 Bb6 13. Nc4 Nxe4 14. Nxb6 cxb6 1-0

[Event "European Blitz-ch 2018"]
[Site "Skopje"]
[Date "2018.12.07"]
[Round "13"]
[White "Milanovic, Danilo"]
[Black "Moroni, Luca Jr"]
[Result "1-0"]
[WhiteElo "2494"]
[BlackElo "2564"]
[Annotator "TA"]
[PlyCount "111"]
[EventDate "2018.12.06"]
[EventType "swiss"]
[EventCountry "MKD"]

1. d4 d5 2. Bf4 c5 3. e3 Nc6 4. c3 Nf6 5. Nd2 e6 6. Ngf3 Bd6 7. Bg3 O-O 8. Bb5 Be7 9. Bd3 Nh5 10. O-O Nxg3 11. hxg3 b6 12. Qe2 Bb7 13. Rad1 Qc7 14. dxc5 Bxc5 15. e4 Ne5 16. Nxe5 Qxe5 17. Nf3 Qh5 18. exd5 Bxd5 19. Be4 Rad8 20. Bxd5 Rxd5 21. Qa6 b5 22. Qc6 Rxd1 23. Rxd1 Qf5 24. Rd2 h6 25. a3 Bb6 26. Qb7 e5 27. Nh4 Qb1+ 28. Kh2 e4 29. Re2 e3 30. fxe3 Qd1 31. Qf3 g6 32. Rf2 Qd6 33. Re2 Qe5 34. Qf4 Qh5 35. Qf3 Qe5 36. Rd2 Bxe3 37. Rd5 Qe6 38. Rxb5 a6 39. Rd5 Bg5 40. Rd4 Qe1 41. Qd1 Qe7 42. Nf3 Be3 43. Rd5 h5 44. b4 Qc7 45. Qd3 Bf2 46. Nh4 Re8 47. Rd7 Qe5 48. Nxg6 Qg5 49. Nh4 Re3 50. Rd8+ Kg7 51. Nf5+ Kf6 52. Qd4+ Kxf5 53. Rd5+ Kg6 54. Rxg5+ Kxg5 55. Qf4+ Kg6 56. Qxf2 1-0

[Event "European Blitz-ch 2018"]
[Site "Skopje"]
[Date "2018.12.07"]
[Round "13"]
[White "Studer, Noel"]
[Black "Stevic, Hrvoje"]
[Result "0-1"]
[WhiteElo "2494"]
[BlackElo "2587"]
[Annotator "TA"]
[PlyCount "54"]
[EventDate "2018.12.06"]
[EventType "swiss"]
[EventCountry "MKD"]

1. d4 d5 2. c4 dxc4 3. e4 e5 4. Nf3 Bb4+ 5. Nc3 exd4 6. Qxd4 Qxd4 7. Nxd4 Nf6 8. f3 Bc5 9. Ndb5 Na6 10. Bxc4 c6 11. Na3 b5 12. Naxb5 cxb5 13. Bxb5+ Nd7 14. Bf4 Nab8 15. Nd5 Bb6 16. Rc1 Ba6 17. Ba4 O-O 18. Nc7 Bxc7 19. Rxc7 Nb6 20. Bb3 N8d7 21. Kf2 Rfc8 22. Rhc1 Kf8 23. a4 Ke7 24. a5 Nc4 25. R7xc4 Bxc4 26. Rxc4 Nc5 27. Bc2 Ne6 0-1

[Event "European Blitz-ch 2018"]
[Site "Skopje"]
[Date "2018.12.07"]
[Round "13"]
[White "Sanal, Vahap"]
[Black "Jovanovic, Zoran"]
[Result "1-0"]
[WhiteElo "2490"]
[BlackElo "2518"]
[Annotator "TA"]
[PlyCount "103"]
[EventDate "2018.12.06"]
[EventType "swiss"]
[EventCountry "MKD"]

1. e4 d6 2. d4 Nf6 3. Bd3 e5 4. c3 Nc6 5. Nf3 Bg4 6. dxe5 Nxe5 7. Be2 Bxf3 8. Bxf3 g6 9. Be2 Bg7 10. O-O O-O 11. Nd2 Re8 12. Qc2 c6 13. Rd1 Qe7 14. g3 Rad8 15. Bf1 h5 16. Bg2 h4 17. Nf1 Qe6 18. f4 Ned7 19. Re1 hxg3 20. hxg3 Qg4 21. Qf2 Nc5 22. Bf3 Qe6 23. Qg2 Ncxe4 24. g4 d5 25. Be3 b6 26. Rad1 Nd7 27. g5 Qe7 28. Nh2 Nf8 29. Ng4 Qe6 30. Bd4 Bxd4+ 31. cxd4 Nh7 32. Nh6+ Kg7 33. Ng4 Qf5 34. Qh2 Rh8 35. Qh6+ Kg8 36. Qh2 Nhxg5 37. Nh6+ Kg7 38. fxg5 Nxg5 39. Nxf5+ gxf5 40. Qe5+ f6 41. Qe7+ Kg6 42. Bg2 Rdg8 43. Qd7 Rh4 44. Re7 f4 45. Rf1 f3 46. Bxf3 Rxd4 47. Bg4 Kh6 48. Kf2 Ne4+ 49. Ke3 Rd3+ 50. Kxd3 Nc5+ 51. Ke3 Nxd7 52. Bxd7 1-0

[Event "European Blitz-ch 2018"]
[Site "Skopje"]
[Date "2018.12.07"]
[Round "13"]
[White "Stefanova, Antoaneta"]
[Black "Pershin, Denis"]
[Result "1-0"]
[WhiteElo "2486"]
[BlackElo "2400"]
[Annotator "TA"]
[PlyCount "139"]
[EventDate "2018.12.06"]
[EventType "swiss"]
[EventCountry "MKD"]

1. d4 d5 2. Bf4 Nf6 3. e3 e6 4. Nd2 c5 5. c3 Nc6 6. Ngf3 Bd6 7. Bg3 O-O 8. Bd3 b6 9. Ne5 Ne7 10. f4 Nf5 11. Bf2 Bc7 12. Qf3 Bb7 13. O-O Nd6 14. Bh4 Nde4 15. Qh3 Bd6 16. Nxe4 dxe4 17. Be2 Be7 18. Rad1 cxd4 19. Rxd4 Qe8 20. a4 Nd5 21. Bb5 Qd8 22. Bxe7 Qxe7 23. c4 Nf6 24. Nd7 Rfd8 25. Rfd1 a6 26. Nxf6+ Qxf6 27. Bd7 h6 28. Qh5 Rab8 29. b4 Qe7 30. Qe5 Ba8 31. c5 bxc5 32. bxc5 Bb7 33. c6 Bxc6 34. Bxc6 Rdc8 35. Bxe4 Rb3 36. Bf3 f6 37. Qe4 f5 38. Qe5 Rc5 39. Qd6 Qxd6 40. Rxd6 Rxe3 41. Rxa6 Rc2 42. Ra1 g5 43. fxg5 hxg5 44. a5 Kg7 45. Ra8 g4 46. Bb7 f4 47. a6 f3 48. gxf3 gxf3 49. Rf1 Rg2+ 50. Kh1 Ree2 51. Bxf3 Rxh2+ 52. Kg1 Ra2 53. a7 Rh6 54. Bg2 Rg6 55. Rf2 Ra1+ 56. Kh2 Ra3 57. Bf3 Ra5 58. Rg2 Rxg2+ 59. Kxg2 Ra3 60. Kf2 e5 61. Ke2 Ra4 62. Bc6 Ra6 63. Kd3 Kh7 64. Ke4 Kg7 65. Kd5 e4 66. Bb5 Ra3 67. Kxe4 Ra5 68. Kd4 Ra1 69. Kc5 Rc1+ 70. Kb6 1-0

[Event "European Blitz-ch 2018"]
[Site "Skopje"]
[Date "2018.12.07"]
[Round "13"]
[White "Pezelj, Novak"]
[Black "Golikov, Daniil"]
[Result "1-0"]
[WhiteElo "2475"]
[BlackElo "2278"]
[Annotator "TA"]
[PlyCount "67"]
[EventDate "2018.12.06"]
[EventType "swiss"]
[EventCountry "MKD"]

1. e4 e6 2. d4 d5 3. Bd3 c5 4. dxc5 Bxc5 5. exd5 Qxd5 6. Nf3 Nf6 7. O-O O-O 8. Nc3 Qh5 9. Bg5 Nbd7 10. Qe2 h6 11. Bh4 b6 12. Ne4 Bb7 13. Bxf6 Nxf6 14. Nxf6+ gxf6 15. Be4 Bxe4 16. Qxe4 Rad8 17. Rfd1 Kg7 18. a3 Qg6 19. Qe2 Qf5 20. b4 Bd6 21. Rd3 Bb8 22. Rad1 Rxd3 23. Rxd3 Rc8 24. g3 Qb5 25. Nd4 Qe5 26. Qg4+ Qg5 27. Qf3 Be5 28. Qb7 Rc7 29. Qf3 Bxd4 30. Rxd4 Qc1+ 31. Kg2 Qxc2 32. Rg4+ Kh7 33. Qxf6 Qc3 34. Rg7+ 1-0

[Event "European Blitz-ch 2018"]
[Site "Skopje"]
[Date "2018.12.07"]
[Round "13"]
[White "Kalezic, Blazo"]
[Black "Ragger, Markus"]
[Result "1-0"]
[WhiteElo "2460"]
[BlackElo "2687"]
[Annotator "TA"]
[PlyCount "121"]
[EventDate "2018.12.06"]
[EventType "swiss"]
[EventCountry "MKD"]

1. e4 e5 2. Nf3 Nc6 3. Bb5 a6 4. Ba4 Nf6 5. O-O Be7 6. Re1 b5 7. Bb3 d6 8. a4 Bg4 9. c3 O-O 10. d3 Na5 11. Bc2 c5 12. h3 Bxf3 13. Qxf3 b4 14. Nd2 Rb8 15. Nf1 bxc3 16. bxc3 Nb3 17. Rb1 Nxc1 18. Rbxc1 Qa5 19. Bd1 Nd7 20. Ne3 Bg5 21. Nc4 Qc7 22. Ra1 Nb6 23. Bb3 Nd5 24. exd5 Rxb3 25. a5 Rfb8 26. g3 Rxc3 27. h4 Bd8 28. Rab1 Rcb3 29. Rxb3 Rxb3 30. Kg2 Qd7 31. Re3 Rb5 32. Re1 Rb3 33. Re3 Bc7 34. g4 Bd8 35. g5 Rb4 36. Re4 Rb5 37. Re1 f5 38. gxf6 Bxf6 39. h5 Rb8 40. Re4 Rf8 41. Qg3 Qf7 42. Nxd6 Qxd5 43. Nf5 Kh8 44. Qf3 Bd8 45. Qg4 Qf7 46. Rxe5 g6 47. hxg6 Qxg6 48. Qxg6 hxg6 49. Ne3 Bxa5 50. Rxc5 Bb4 51. Rc6 a5 52. Rxg6 Ra8 53. Nd5 Bd2 54. Rb6 a4 55. Rb7 Bh6 56. Rb2 a3 57. Ra2 Bg7 58. Nb6 Ra4 59. Nxa4 Bf8 60. Nb6 Kg7 61. Nc4 1-0